| 000 | 00737nam a2200205Ia 4500 | ||
|---|---|---|---|
| 001 | 23402 | ||
| 003 | GE_BSU | ||
| 008 | 181216s||||||||xx |||||||||||||| ||und|| | ||
| 040 | _cGE_BSU | ||
| 245 | _aაღმოსავლეთი და კავკასია. ВОСТОК И КАВКАЗ.THE EAST AND CAUCASUS #2.2004. | ||
| 245 | _cრედ:ლევან კაჭარავა და სხვა. | ||
| 260 | _aთბილისი | ||
| 260 | _bგამ-ბა "საარი | ||
| 260 | _c2003. | ||
| 300 | _a257გვ;29სმ; | ||
| 653 | _aაღმოსავლეთი და კავკასია #2.2004. | ||
| 653 | _aისტორია | ||
| 653 | _aპერიოდიკა | ||
| 942 | _cCR | ||
| 999 |
_c56289 _d56289 |
||